000 00877nam a2200301 a 4500
001 000114571
003 CHAP
005 20220329144447.0
008 180305s1983 mx |r| ||||||spa d
010 _a111032
011 _a112004
020 _a9684780389
040 _cCHAP
082 0 4 _a300.1
_bR74
100 0 0 _aRojas Soriano, Raúl.
_999378
245 1 0 _aMétodos para la investigación social :
_buna proposición dialéctica /
_cpor Raúl Rojas Soriano.
260 _aMéxico, D.F. :
_bFolios Ediciones,
_c1983.
300 _a122 p.
490 _aFronteras
590 _aBATCH-UPD
_b05
_c20180305
_lUCH01
_h1329
590 _aE5765TAJ
_b05
_c20180305
_lUCH01
_h1328
650 1 4 _aCiencias sociales
_xInvestigación.
_923226
650 1 4 _aCiencias sociales
_xMetodología.
_923230
830 0 _aFronteras
_943563
901 _aBK
942 _cLIBRO
942 _n0
999 _c111032
_d111032